| 000 | 01363cam a22003374a 4500 | ||
|---|---|---|---|
| 001 | 11866749 | ||
| 003 | OSt | ||
| 005 | 20231002090706.0 | ||
| 008 | 991214s2000 enka b 001 0 eng c | ||
| 010 | _a 99089542 | ||
| 020 | _a0750647868 | ||
| 035 | _a(DNLM)100909570 | ||
| 040 |
_aDNLM/DLC _cDLC _dDLC |
||
| 042 | _apcc | ||
| 082 | _aWA 390 H36c 2000 | ||
| 100 | 1 |
_aHelman, Cecil, _910008 |
|
| 245 | 1 | 0 | _aCulture, Health, and Illness |
| 250 | _a4th ed. | ||
| 260 |
_aOxford ; _bButterworth-Heinemann, _c2000. |
||
| 300 |
_aviii, 328 p. : _bill. ; _c25 cm. |
||
| 504 | _aIncludes bibliographical references and indexes. | ||
| 650 | 0 |
_aMedical anthropology. _910009 |
|
| 650 | 0 |
_aSocial medicine. _99788 |
|
| 650 | 2 | 2 |
_aAnthropology. _910010 |
| 856 | 4 | 2 |
_3Publisher description _uhttp://www.loc.gov/catdir/enhancements/fy0605/99089542-d.html |
| 856 | 4 | 1 |
_3Table of contents only _uhttp://www.loc.gov/catdir/enhancements/fy0605/99089542-t.html |
| 856 | 4 | 2 |
_3Contributor biographical information _uhttp://www.loc.gov/catdir/enhancements/fy1302/99089542-b.html |
| 906 |
_a7 _bcbc _corignew _d1 _eocip _f19 _gy-gencatlg |
||
| 942 |
_2z _cO_SHELF |
||
| 999 |
_c4654 _d4654 |
||